| 000 | 00652nam a22001457a 4500 | ||
|---|---|---|---|
| 020 | _a978-1-4424-2316-9 | ||
| 082 |
_a823 _bDIX/H |
||
| 100 | _aDIXON, FRANKLIN W | ||
| 245 | _aTHE HARDY BOYS - SPORTS SABOTAGE | ||
| 260 |
_aNEW YORK _bALADDIN PAPERBACKS _c2012 |
||
| 300 | _a96 | ||
| 520 | _aBut when the field equipment is sabotaged the day before the events are supposed to start, it looks like Field Day might not happen after all—unless someone can find out who is behind the mess of ruined rackets, tangled jump ropes, and flattened balloons. Can Frank and Joe crack the case and save Field Day? | ||
| 650 |
_aMYSTERY _zUNITED STATES |
||
| 942 | _cBK | ||
| 999 |
_c7912 _d7912 |
||